000 00550nam a2200193Ia 4500
003 IN-BaIIA
008 211028s9999 xx 000 0 eng d
040 _cIIA Library
080 _a530.145
_bDIR
100 _aDirac, P. A. M.
245 4 _aThe principles of quantum mechanics
_cP. A. M. Dirac
250 _a3rd ed
260 _aOxford
_bClarendon Press
_c1947
300 _axii, 311p.
500 _aDonated by Mrs. Bappu
650 _aNASA Thesaurus
650 _aQuantum mechanics
942 _cBK
999 _c7547
_d7547